Регионална библиотека "Любен Каравелов" - Русе

DIVAN der persischen Poesie (Запис номер 343471)

MARC детайли
000 -Лидер
Контролно поле с фиксирана дължина 01098nam a2200301 c 4500
003 - Код на организацията, давaща контролен номер
Контролно поле BLK
005 - Дата и час на последна редакция
Контролно поле 20191001105057.0
008 - Елементи от данни с фиксирана дължина
fixed length control field 180911b bul|||||r ||||||| ||bul||
010 ## - Наследен системен номер
LC control number 003132
040 ## - Източник на каталожния запис
Идентификатор на билиотеката - собственик на записа BLK
041 ## - Код за език
Код за езика на текст/звукозапис или на отделно заглавие Немски
Код за езика КДБФ Български
080 ## - УДК
УДК - код + определител 891.5-1
100 1# - Редна дума - Автор
Авторска отговорност първи автор
R(LIN) 397516
245 10 - Сведения за заглавието
Заглавие DIVAN der persischen Poesie
246 ## - Различни форми на заглавието
Паралелно заглавие Biutenlese aus der persischen Poesie, mit einer literarhistorischen Einl., biogr. Notizen und erl. Anm.
Подзаглавни данни DIVAN der persischen Poesie
Наименование на поредна част от произведението лирика-стихотворения
260 ## - Област на издателските данни
Място на издаване, разпространение и проч. Hale a. d. S.
Име на издателя, разпространителя и проч. Otto Hendel
Година на издаване s.a
300 ## - Физическа характеристика
Страници XXIV, 270 с
Размери/Мащаб 18 см
380 ## - Жанр
Жанр Литературознание
490 ## - СЕРИИ (Колекции)
Име на серия Bibl. der Ges.-Lit
490 ## - СЕРИИ (Колекции)
Име на серия Частна колекция - Академик Михаил Арнаудов
Бележки за серията Дарение - Основен фонд
500 ## - Общи забележки
Забележка Михаил Арнаудов - подпис;
520 ## - Забележка за наличие на резюме, анотация и т.н
Анотация, рецензия, сканиран текст Михаил Арнаудов: подпис
653 ## - Ключова дума – ненормативна
Ключова дума лирика
653 ## - Ключова дума – ненормативна
Ключова дума стихотворения
655 ## - Ключова дума – жанр/разновидност
Данни за жанр/разновидност или ключова дума за фокус иранска и персийска литература
700 1# - Други автори (авторска отговорност)
Лично име Hrsg. von Julius Hart
9 (RLIN) 397518
852 ## - Местоположение
Форматна сигнатура МА 821
999 ## - СИСТЕМНИ КОНТРОЛНИ НОМЕРА
Koha biblionumber 343471
Koha biblioitemnumber 343471
942 ## - АРТИКУЛИ
Вид на библиотечния материал Книги
Скрит в OPAC Не
Периодичен библиозапис Да
944 ## - СЪЗДАВАНЕ И РЕДАКЦИЯ на ЗАПИСА
Създаване/Редакция Създаване
Дата на регистрацията/редакция 1996
Служител, извършил регистрацията/редакцията ValK
999 ## - СИСТЕМНИ КОНТРОЛНИ НОМЕРА
Koha biblioitemnumber 343471
Наличности
Код за отписване Код за изгубен артикул Източник на класификационната схема Код за повреда Коз за рестрикции Код за отдаване Артикулен № Име на библиотеката - собственик Име на библиотеката, в която се намира в момента Статус (Текущо местоположение) Местоположение - отдел Цена в лева Номерация (Хронология) Инвентарен номер Систематично азбучна сигнатура Баркод Номер на екземпляра Цена в евро Служебен тип на артикула
  Не е изгубен Universal Decimal Classification Не е повреден без рестрикции ползва се в читалня 743664 Регионална библиотека "Любен Каравелов" Русе Регионална библиотека "Любен Каравелов" Русе Фонд "Михаил Арнаудов" Фонд "Михаил Арнаудов" 15.00   587704 МА 821 120000587704 1 7.67 Книги
Vip Innovations Ltd, Rousse, Bulgaria 2025